| Tag |
First Indicator |
Second Indicator |
Subfields |
| LEADER |
00000cam a2200000 a 4500 |
| 001 |
in00004462821 |
| 005 |
20191202121549.0 |
| 008 |
811217s1982 nyua b 10100 eng d |
| 010 |
|
|
|a 81047975
|
| 020 |
|
|
|a 0890047553
|
| 035 |
|
|
|a (OCoLC)08051130
|
| 035 |
|
|
|z (UtOrBLW)7347
|
| 035 |
|
|
|a 11832
|
| 040 |
|
|
|a NLM
|c NLM
|d OCL
|d TMV
|d UtOrBLW
|
| 049 |
|
|
|a TMVM
|c 1 [8003925]
|
| 060 |
|
4 |
|a WH 150
|b A244 1981
|
| 245 |
0 |
0 |
|a Advances in red blood cell biology /
|c editors D.J. Weatherall, G. Fiorelli, S. Gorini.
|
| 264 |
|
1 |
|a New York :
|b Raven Press,
|c [1982]
|
| 264 |
|
4 |
|c ©1982
|
| 300 |
|
|
|a xx, 424 pages :
|b illustrations ;
|c 27 cm.
|
| 336 |
|
|
|a text
|2 rdacontent
|b txt
|
| 337 |
|
|
|a unmediated
|2 rdamedia
|
| 338 |
|
|
|a volume
|2 rdacarrier
|b nc
|
| 500 |
|
|
|a Papers presented at the International Symposium on Advances in Red Cell Biology, held in Florence, Italy, in 1981, sponsored by the World Health Organization, the Società italiana di ematologia, and other similar bodies.
|
| 504 |
|
|
|a Includes bibliographies and index.
|
| 505 |
2 |
|
|a Haemoglobin synthesis following transplantation of fetal haemopoitic tissues into adult sheep
|
| 650 |
|
2 |
|a Erythrocytes
|v Congresses.
|
| 650 |
|
2 |
|a Glucosephosphate Dehydrogenase Deficiency
|v Congresses.
|
| 650 |
|
2 |
|a Hemoglobins
|x biosynthesis
|v Congresses.
|
| 650 |
|
2 |
|a Hemolysis
|v Congresses.
|
| 650 |
|
2 |
|a Iron
|x metabolism
|v Congresses.
|
| 700 |
1 |
|
|a Gorini, Sergio.
|
| 700 |
1 |
|
|a Weatherall, D. J.
|
| 700 |
1 |
|
|a Fiorelli, G.
|
| 710 |
2 |
|
|a World Health Organization.
|
| 710 |
2 |
|
|a Società italiana di ematologia.
|
| 711 |
2 |
|
|a International Symposium on Advances in Red Cell Biology
|d (1981 :
|c Florence, Italy)
|
| 948 |
|
|
|a 8003925
|
| 948 |
|
|
|a Keep per EC, 2003 evaluation; retention reasons in 505, 520, 599, or 650 fields; 04/16/2004, lc.
|
| 999 |
|
|
|a MARS
|
| 999 |
f |
f |
|s 494e18e4-1071-3a21-a268-9ca52952fa05
|i 9c1f6f2d-0c9d-3b4c-9cfc-90c0eeb5c65e
|t 0
|
| 952 |
f |
f |
|p ric
|a Texas A&M University
|b Rellis Campus
|c Joint Library Facility
|d Remote Storage
|t 0
|e WH 150 A244 1981
|h National Library of Medicine classification
|i unmediated -- volume
|m 3238900053561
|
| 998 |
f |
f |
|a WH 150 A244 1981
|t 0
|l Remote Storage
|